| 000 | 01009ctm a22002531i 4500 | ||
|---|---|---|---|
| 003 | SA-RiAUC | ||
| 005 | 20260413131813.0 | ||
| 008 | 260406s2000 jo f m 000 0dara c | ||
| 040 |
_aSA-JeALM _bara _cSA-RiAUC _erda |
||
| 082 | 0 | 4 | _a252 |
| 090 |
_a252 _bن ا ج |
||
| 100 | 1 |
_aالناجي لمين _eمؤلف. |
|
| 245 | 1 | 0 |
_aالإمام محمد بن عبد الرحمن بن أبي ليلى وأصوله من خلال آرائه الفقهية / _cتأليف الناجي لمين |
| 250 | _aالطبعة الاولى. | ||
| 264 | 0 |
_aالمنصورة. مصر : _bدار الكلمة. _c2011 |
|
| 300 |
_a536 صفحة . _c24 سم. |
||
| 336 |
_aنص _btxt _2rdacontent _3كتاب |
||
| 337 |
_aبدون وسيط _bn _2rdamedia |
||
| 338 |
_aمجلد _bnc _2rdacarrier |
||
| 600 | 1 | 7 |
_aابن أبي ليلى، محمد بن عبد الرحمن، _d74-148 هجري _2aucnm |
| 650 | 7 |
_aالفقه الإسلامي _xمذاهب _2aucsh |
|
| 942 |
_2ddc _cBOOK _n0 |
||
| 949 |
_aSA-JeALM _d260406 _uosman123 _n1 |
||
| 999 |
_c14762 _d14762 |
||